000 00897nam a2200229 a 4500
003 CBULib
005 20231120130729.0
008 100610s2010 ||||||||||||||||| || u
040 _aCBULib
_bEnglish
_cCBULib
_erda
041 _aeng
050 _aUNCTAD(02)2010/1
110 _aUnited Nations Conference on Trade and Development (UNCTAD)
245 1 0 _aTraining module on the WTO agreement on Trade-Related aspects of Intellectual Property Rights (TRIPS)
_c/ by United Nations Conference on Trade and Development (UNCTAD)
260 _aNew York :
_bUnited Nations,
_c2010.
300 _av, 54 pages : illustrations
336 _2rdacontent
_aText |
_btxt
337 _2rdamedia
_aUnmediated |
_bn
338 _2rdacarrier
_aVolume
_bnc
650 _aINTELLECTUAL PROPERTY RIGHTS--STUDY AND TEACHING
942 _2mc
_c029
999 _c60270
_d60270